书目信息

书名: 概率论与数理统计应用案例评析 
作者: 周华任 刘守生 主编
出版信息: 南京   东南大学出版社  2016
开本页数: 24cm  183页
丛书名:
单 册:
中图分类: O
科图分类:
主题词: 概率论--gai lu^ lun--研究 , 数理统计--shu li tong ji--研究
电子资源:
ISBN: 978-7-5641-6403-4
000 01361nam0 2200265 45
001 012016000000
005 20161025121212.0
010    @a978-7-5641-6403-4@dCNY46.00
100    @a20161025d2016 em y0chiy50 ea
101 @achi
102    @aCN@b320000
105    @aa a 000yy
106    @ar
200 @a概率论与数理统计应用案例评析@Agai lu^ lun yu shu li tong ji ying yong an li ping xi@f周华任, 刘守生主编
210    @a南京@c东南大学出版社@d2016
215    @a183页@d24cm
320    @a有书目 (第182-183页)
330    @a本书主要研究了概率统计在彩票、金融、风险管理、决策、估算、评价、生产管理、体育、军事和日常生活等十个方面的应用案例。每个案例从背景知识,案例分析和结论分析的三个角度来阐述概率统计在实际问题中的应用。这些案例涵盖了工作、生活乃至从事经济、政治活动等各个领域,包括股票、投资、保险、成本、利润、体育比赛,心理分析、工程管理、公共事物管理、军事领域等各个方面。通过以上概率论与数理统计经典案例的分析,读者能够得到运用概率统计方法来处理数学问题的思路、方法和技巧,做到灵活应用所学的概率统计知识解决各种实际问题,做到“学的活,用的巧”,使得概率统计更好的为我们服务。
606 @a概率论@Agai lu^ lun@x研究
606 @a数理统计@Ashu li tong ji@x研究
690    @aO@v5
701  0 @a周华任@Azhou hua ren@4主编
701  0 @a刘守生@Aliu shou sheng@4主编
801  0 @aCN@bCDNYKJZYXY@c20161025
905    @aCDNYKJZYXY@b536006-8@dO@e21@f3
    
    概率论与数理统计应用案例评析/周华任, 刘守生主编.-南京:东南大学出版社,2016
    183页;24cm
    
    
    ISBN 978-7-5641-6403-4:CNY46.00
    本书主要研究了概率统计在彩票、金融、风险管理、决策、估算、评价、生产管理、体育、军事和日常生活等十个方面的应用案例。每个案例从背景知识,案例分析和结论分析的三个角度来阐述概率统计在实际问题中的应用。这些案例涵盖了工作、生活乃至从事经济、政治活动等各个领域,包括股票、投资、保险、成本、利润、体育比赛,心理分析、工程管理、公共事物管理、军事领域等各个方面。通过以上概率论与数理统计经典案例的分析,读者能够得到运用概率统计方法来处理数学问题的思路、方法和技巧,做到灵活应用所学的概率统计知识解决各种实际问题,做到“学的活,用的巧”,使得概率统计更好的为我们服务。
相关链接 在五车中查询图书 在当当中查询图书 在豆瓣中查询图书


正题名:概率论与数理统计应用案例评析     索取号:O/21         预约/预借

序号 登录号 条形码 馆藏地/架位号 状态 备注
1 536006   300536006   柳城-4楼/1架5列1层/ [索取号:O/21] 在馆    
2 536007   300536007   柳城-4楼/1架5列1层/ [索取号:O/21] 在馆    
3 536008   300536008   柳城-4楼/1架5列1层/ [索取号:O/21] 在馆